00354pab a2200145 454500008004000000100001900040245004000059260000900099300001200108362000800120650002200128650002800150650001400178773001600192180718b1997 xxu||||| |||| 00| 0 eng d aNaswa, Sumedha aNon-formal education in rural India c1997 ap.24,59 aSep aEducation - India aRural education - India aEducation aKurukshetra